Politická ekonomie financování zdravotní péče

Systémy zdravotnej starostlivosti v krajinách OECD a východnej Európy

Salvato in:
Dettagli Bibliografici
Autore principale: Vostatek, Jaroslav
Natura: Capitolo di libro
Lingua:ceco
Soggetti:
Tags: Aggiungi Tag
Nessun Tag, puoi essere il primo ad aggiungerne!!

MARC

LEADER 00000naa a2200000 4500
001 0181629
005 20231207121321.8
041 0 |a cze 
044 |a CZ 
245 1 0 |a Politická ekonomie financování zdravotní péče  |c Jaroslav Vostatek 
520 |a Systémy zdravotnej starostlivosti v krajinách OECD a východnej Európy 
610 2 0 |a starostlivosť zdravotná 
610 2 0 |a ekonómia politická 
610 2 0 |a financovanie 
610 2 0 |a zdravotníctvo 
610 2 0 |a krajiny vyspelé 
610 2 0 |a východná Európa 
610 2 0 |a OECD 
100 1 |a Vostatek, Jaroslav